000 00259nam a2200109Ia 4500
008 190216s9999||||xx |||||||||||||| ||und||
100 _aMaheshwari S N
245 0 _aAdvanced Accountancy
260 _bVani Educational Books
_c1984
300 _a898p
942 _cBK
999 _c4973
_d4973